000 01592nam0a2200313 4500
001 RU\NLR\bibl\1146659
005 20260407104848.0
021 _aRU
_b2007-64625
_93452
035 _a(NLR Aleph) 001133476
090 _a1372639
_c1372639
100 _a20071029d2007 |||y0rusy50 ca
101 0 _arus
102 _aRU
105 _aa |||||||||
200 1 _aИнновационная деятельность в учреждениях для детей с ограниченными возможностями в здоровье
_fДепартамент образования г. Москвы
_gотв. ред. Л.Е. Курнешова
_g[сост.: Г.В. Головченко и др.]
210 _aМосква
_cЦентр "Школьная книга"
_d2007
215 _a238, [1] с.
_cил.
_d21
225 1 _aСерия: Инструктивно-методическое обеспечение содержания образования в Москве
320 _aБиблиогр. в конце ст.
606 1 _aСпециальное (коррекционное) образование
_xИнновации
_92661783
_3RU\NLR\AUTH\6601749810
686 1 _aЧ430.12я43
702 1 _aГоловченко
_bГ. В.
_4220
702 1 _4340
_8rus
_7ca
_aКурнешова
_bЛ. Е.
_gЛариса Евгеньевна
_3RU\NLR\auth\7768560
_951488
712 0 1 _4570
_aМосква
_bДепартамент образования
_3RU\NLR\AUTH\889935985
_9366828
801 0 _aRU
_bNLR
_c20071029
_gRCR
801 1 _aRU
_bNLR
_c20071029
942 _cBOOK
980 _aNB